[Event "Baunatal op 5th"]
[Site "Baunatal"]
[Date "1999.08.14"]
[Round "5"]
[White "Kersten, Uwe"]
[Black "Pasalic, Mehmed"]
[Result "0-1"]
[WhiteElo "2366"]
[BlackElo "2350"]

1.e4 c5 2.Nf3 e6 3.d4 cxd4 4.Nxd4 a6 5.Bd3 Nc6 6.Nxc6 bxc6 7.O-O d5 8.Nd2 Nf6
9.e5 Nd7 10.Re1 Qc7 11.Nf3 Nc5 12.Bf1 Rb8 13.c4 Be7 14.Qc2 Qb7 15.Rb1 a5
16.Be3 Na6 17.Rec1 Bd7 18.Qe2 Ra8 19.Ng5 d4 20.Bf4 c5 21.Qh5 g6 22.Qh3 Bc6
23.Re1 h6 24.Bd2 Bf8 25.Bxa5 Nc7 26.Bxc7 Qxc7 27.Nxe6 fxe6 28.Qxe6+ Be7 29.Qxg6+ Kd8
30.f4 Kc8 31.a3 Kb7 32.b4 Rag8 33.bxc5+ Ka7 34.Qd3 Bxc5 35.g3 h5 36.Bg2 h4
37.Bxc6 Qxc6 38.Qe4  0-1

[Event "Presov"]
[Site "Presov"]
[Date "1999.08.14"]
[Round "1"]
[White "Kulaots, Kaido"]
[Black "Mrva, Martin"]
[Result "1-0"]
[WhiteElo "2478"]
[BlackElo "2441"]

1.e4 c5 2.Nf3 e6 3.d4 cxd4 4.Nxd4 a6 5.Bd3 Qc7 6.O-O Nf6 7.Qe2 h5 8.Nd2 Bc5
9.c3 d6 10.a4 e5 11.Nc2 Bg4 12.Nf3 Nbd7 13.h3 Be6 14.Ng5 Nf8 15.Ne1 h4 16.Nxe6 Nxe6
17.Bc2 g5 18.Nd3 Bb6 19.Nb4 Nf4 20.Qf3 Ke7 21.Nd5+ N4xd5 22.exd5 Rag8 23.Bf5 Qc4
24.a5 Bc5 25.Rd1 Qb3 26.Be3 Bxe3 27.fxe3 Rh6 28.e4 Nh5 29.Ra3 Qc4 30.Rda1 Nf4
31.Ra4 Qc5+ 32.Kh2 Rhh8 33.Rb4 Rb8 34.Raa4 Kf6 35.Bd7 Rhd8 36.Rc4 Qa7 37.Rc7 Rg8
38.Rb4 Rg6 39.Rb6 Rg7 40.Bc6 Rd8 41.Rcxb7 Qa8 42.Rxf7+ Rxf7 43.Bxa8 Rxa8
44.Qg4  1-0

[Event "Valoz Cup"]
[Site "Olomouc"]
[Date "1999.08.15"]
[Round "10"]
[White "Aksiuczyc, Monika"]
[Black "Pisk, Petr"]
[Result "1-0"]
[WhiteElo "2198"]
[BlackElo "2419"]

1.e4 c5 2.Nf3 e6 3.d4 cxd4 4.Nxd4 a6 5.Bd3 Qc7 6.O-O Nc6 7.Nxc6 dxc6 8.f4 e5
9.fxe5 Bc5+ 10.Kh1 Be6 11.Nd2 b5 12.a4 Rd8 13.axb5 axb5 14.Qe2 Ne7 15.Nf3 h6
16.Be3 Qb6 17.Bd2 Qb8 18.b4 Bb6 19.Ra6 Bc8 20.Rxb6 Qxb6 21.Be3 Qc7 22.Qf2 Qb8
23.Bc5 Rf8 24.Qg3 Ng6 25.Bd6 Qa7 26.Bc5 Qb8 27.Nh4 Nxh4 28.Qxg7 Ng6 29.Bxf8 Be6
30.Bd6 Rxd6 31.exd6 Qxd6 32.Ra1 Qxb4 33.Qf6 Kd7 34.e5 Qd4 35.Ra8 Kc7 36.h3 Nxe5
37.Qh8 Kd6 38.Rd8+ Bd7 39.Qf6+ Kc5 40.Qe7+ Qd6 41.Qh4 Kb6 42.Qf2+ c5 43.Be4 b4
44.Qf1 Qc7 45.Ra8 Bb5 46.Qa1 Nc6 47.Bxc6 Kxc6 48.Rh8 Bc4 49.Qa8+ Kd6 50.Rxh6+ Be6
51.Rh5 Ke7 52.Qa4 Bd7 53.Qb3 Be6 54.Qe3 c4 55.Qg5+ Kd6 56.Qd2+ Ke7 57.Qxb4+ Kf6
58.Qd2 Qg3 59.Qd8+  1-0

[Event "FRA-ch qual"]
[Site "Bescanon"]
[Date "1999.08.18"]
[Round "1"]
[White "Bonnet, Edouard"]
[Black "Van Elst, Andreas"]
[Result "0-1"]
[WhiteElo "2147"]
[BlackElo "2270"]

1.e4 c5 2.Nf3 e6 3.d4 cxd4 4.Nxd4 a6 5.Bd3 Nf6 6.O-O Qc7 7.Nc3 Bc5 8.Nb3 Be7
9.f4 d6 10.a4 O-O 11.a5 Nc6 12.Be3 Bd7 13.Na4 Rab8 14.Bb6 Qc8 15.Qf3 Qe8
16.Nc3 Bd8 17.Bf2 e5 18.f5 Nb4 19.Rae1 Bc6 20.Bh4 h6 21.Bxf6 Bxf6 22.Nd5 Bxd5
23.exd5 Rc8 24.c3 Nxd3 25.Qxd3 Qa4 26.Qc2 Qb5 27.Rd1 Rfe8 28.Nd2 Qxa5 29.Ne4 Qd8
30.Qb3 Rb8 31.Qa3 Be7 32.f6 Bxf6 33.Nxf6+ gxf6 34.c4 Kh7 35.Rf5 Rg8 36.Rdf1 Rg6
37.Qf3 Rc8 38.b3 b5 39.cxb5 axb5 40.Rxf6 Rxf6 41.Qxf6 Qxf6 42.Rxf6 Kg7 43.Rxd6 Rc3
44.Rb6 Rxb3 45.d6 b4 46.d7 Rd3 47.Rxb4 Rxd7 48.Rb6 Rd2 49.h3 f6 50.Kh2 Rf2
51.Kg3 Rf4 52.Rb7+ Kg6 53.Re7 h5 54.Kh2 h4 55.Re8 Kf5 56.g4+ hxg3+ 57.Kxg3 Ra4
58.Rf8 e4 59.h4 Ra3+ 60.Kg2 Rf3 61.Re8 Kf4 62.h5 Rg3+ 63.Kf2 Rh3  0-1

[Event "GER-ch U20 int"]
[Site "Hamburg"]
[Date "1999.08.18"]
[Round "4"]
[White "Hunt, Adam"]
[Black "Forman, Stefan"]
[Result "1-0"]
[WhiteElo "2288"]
[BlackElo "2253"]

1.e4 c5 2.Nf3 e6 3.d4 cxd4 4.Nxd4 a6 5.Bd3 Qc7 6.O-O Nf6 7.Qe2 Bd6 8.h3 O-O
9.Nd2 Be5 10.N4f3 d6 11.Nxe5 dxe5 12.a4 b6 13.Nc4 Bb7 14.Bg5 Nbd7 15.f4 Qc5+
16.Kh1 exf4 17.Bxf4 e5 18.Bg5 b5 19.Na5 Qb6 20.Nxb7 Qxb7 21.axb5 axb5 22.Rae1 Ra2
23.b3 h6 24.Bh4 Rc8 25.Qf3 Rc6 26.Qf5 Qb8 27.Ra1 Rca6 28.Rxa2 Rxa2 29.Qf2 Qb7
30.Qe2 b4 31.Qf3 Qc6 32.Qf5 Qd6 33.Kh2 Qe7 34.Rd1 g6 35.Qf3 Kg7 36.Rf1 g5
37.Bf2 Qe6 38.Be3 Qe7 39.Bd2 Qc5 40.Qf5 Ra8 41.Bc4 Rb8 42.h4 gxh4 43.Bxf7 Kxf7
44.Qxd7+ Qe7 45.Qf5  1-0

[Event "FRA-ch qual"]
[Site "Bescanon"]
[Date "1999.08.19"]
[Round "2"]
[White "Guillet, Martin"]
[Black "Riff, Vincent"]
[Result "1/2-1/2"]
[WhiteElo "2218"]
[BlackElo "2061"]

1.e4 c5 2.Nf3 e6 3.d4 cxd4 4.Nxd4 a6 5.Bd3 Nc6 6.Nxc6 bxc6 7.O-O e5 8.Qe2 Nf6
9.Nd2 Bc5 10.Nc4 d6 11.Be3 Bxe3 12.Qxe3 O-O 13.Rad1 Be6 14.Rfe1 Bxc4 15.Bxc4 Qc7
16.Qd3 Rfd8 17.Bb3 a5 18.Ba4 Rab8 19.a3 Qb6 20.Qc4 Rbc8 21.Qc3 Ng4 22.Qf3 Nf6
23.Bb3  1/2-1/2

[Event "ESP-ch"]
[Site "Palencia"]
[Date "1999.08.19"]
[Round "1"]
[White "Larios Crespo, Manuel"]
[Black "Narciso Dublan, Marc"]
[Result "1/2-1/2"]
[WhiteElo "2149"]
[BlackElo "2447"]

1.e4 c5 2.Nf3 e6 3.d4 cxd4 4.Nxd4 a6 5.Bd3 Ne7 6.c4 Nbc6 7.Nxc6 Nxc6 8.O-O b6
9.Be3 Bc5 10.Qd2 O-O 11.Nc3 Rb8 12.f4 f6 13.Rad1 Qe7 14.Kh1 Rf7 15.a3 Qd8
16.b4 Bxe3 17.Qxe3 Ne7 18.g4 Qc7 19.Kg1 Bb7 20.Na4 Bc6 21.b5 axb5 22.cxb5 Ba8
23.Qd4 Qd8 24.f5 Rf8 25.Bc4 d5 26.exd5 exd5 27.Bb3 Qd6  1/2-1/2

[Event "Brasilia Cup 3th"]
[Site "Brasilia"]
[Date "1999.08.21"]
[Round "3"]
[White "Tsuboi, Edson Kenji"]
[Black "Dumont, Sadi Glasser"]
[Result "1-0"]
[WhiteElo "2322"]
[BlackElo "2370"]

1.e4 c5 2.Nf3 e6 3.d4 cxd4 4.Nxd4 a6 5.Bd3 Nf6 6.Qe2 d6 7.c4 Bd7 8.Nc3 Be7
9.f4 Nc6 10.Nf3 Rc8 11.O-O Nb4 12.Bb1 Qc7 13.e5 dxe5 14.fxe5 Ng4 15.h3 Nh6
16.a3 Nc6 17.b4 Nb8 18.Ne4 Bc6 19.Neg5 Nd7 20.Bf4 Bxf3 21.Qxf3 Nxe5 22.Qg3 Ng6
23.Qe3 Qxc4 24.Bxg6 hxg6 25.Rac1  1-0

[Event "BIH-chT"]
[Site "Bihac"]
[Date "1999.08.22"]
[Round "2"]
[White "Zerdo, Mirza"]
[Black "Delchev, Aleksander"]
[Result "0-1"]
[WhiteElo "2156"]
[BlackElo "2521"]

1.e4 c5 2.Nf3 e6 3.d4 cxd4 4.Nxd4 a6 5.Bd3 Bc5 6.Nb3 Ba7 7.O-O Nc6 8.Qe2 Nge7
9.Nc3 d6 10.Be3 e5 11.Bc4 O-O 12.Bg5 Kh8 13.Nd5 f6 14.Nxe7 Nxe7 15.Be3 Bxe3
16.Qxe3 Qc7 17.Bd5 Nxd5 18.exd5 Bf5 19.c3 Qc4 20.Na5 Qxd5 21.Qb6 Bd3 22.Rfd1 e4
23.c4 Qg5 24.b4 f5 25.Nxb7 f4 26.Qxd6 Rf6 27.Qd5 Rf5 28.Rxd3 Rxd5 29.Rxd5 Qg6
30.Rad1 h6 31.c5 f3 32.g3 Qg4 33.Kh1 Qh3 34.Rg1 e3  0-1

[Event "GER-ch U20 int"]
[Site "Hamburg"]
[Date "1999.08.22"]
[Round "7"]
[White "Langrock, Hannes"]
[Black "Forman, Stefan"]
[Result "0-1"]
[WhiteElo "2135"]
[BlackElo "2253"]

1.e4 c5 2.Nf3 e6 3.d4 cxd4 4.Nxd4 a6 5.Bd3 Qc7 6.O-O Nf6 7.Be3 Bc5 8.Nd2 d6
9.c4 Nbd7 10.a3 Ne5 11.Be2 Qb6 12.N2b3 Bd7 13.Qb1 Qc7 14.h3 O-O 15.f4 Nxc4
16.Bf2 Bxd4 17.Bxd4 e5 18.fxe5 Nxe5 19.Nd2 Bc6 20.Rf4 Qe7 21.Qe1 Qe6 22.Qg3 Kh8
23.Raf1 Rg8 24.Kh1 h6 25.Rh4 Kh7 26.Nf3 Nxf3 27.Rxf3 Nxe4 28.Bd3 f5 29.Qe1 g5
30.Rh5 d5 31.Qb1 Qe8 32.g4 f4  0-1

[Event "BIH-chT"]
[Site "Bihac"]
[Date "1999.08.23"]
[Round "3"]
[White "Sax, Gyula"]
[Black "Cvitan, Ognjen"]
[Result "1/2-1/2"]
[WhiteElo "2588"]
[BlackElo "2511"]

1.e4 c5 2.Nf3 e6 3.d4 cxd4 4.Nxd4 a6 5.Bd3 Nf6 6.O-O Qc7 7.Qe2 d6 8.c4 g6
9.Nc3 Bg7 10.Rd1 O-O 11.Nf3 Nc6 12.h3 b6 13.Bf4 Nd7 14.Rac1 Nce5  1/2-1/2

[Event "USA-ch (Women)"]
[Site "Salt Lake City"]
[Date "1999.08.23"]
[Round "1"]
[White "Shahade, Jennifer"]
[Black "Epstein, Esther"]
[Result "1/2-1/2"]
[WhiteElo "2290"]
[BlackElo "2236"]

1.e4 c5 2.Nf3 e6 3.d4 cxd4 4.Nxd4 a6 5.Bd3 g6 6.c4 Bg7 7.Nb3 Ne7 8.Nc3 O-O
9.O-O d5 10.cxd5 exd5 11.Bg5 d4 12.Nd5 Nbc6 13.Nxe7+ Nxe7 14.Bc4 h6 15.Bh4 g5
16.Bg3 b5 17.Be2 f5 18.exf5 Nxf5 19.Bd3 Bb7 20.Nc5 Bd5 21.Qd2 Ra7 22.Rae1 Qa8
23.Be4 Nxg3 24.hxg3 Bxe4 25.Nxe4 Qd5 26.b4 Re7 27.Nc5 Rfe8 28.Rxe7 Rxe7 29.Re1 Rxe1+
30.Qxe1 Qxa2 31.Qe8+ Kh7 32.Qe4+ Kh8 33.Qa8+ Kh7 34.Qe4+ Kh8 35.Qa8+ Kh7
36.Qe4+ Kh8  1/2-1/2

[Event "Pyramiden Franken Cup"]
[Site "Fuerth"]
[Date "1999.08.25"]
[Round "5"]
[White "Gofshtein, Leonid D"]
[Black "Agrest, Evgenij"]
[Result "1/2-1/2"]
[WhiteElo "2507"]
[BlackElo "2554"]

1.e4 c5 2.Nf3 e6 3.d4 cxd4 4.Nxd4 a6 5.Bd3 Bc5 6.Nf3 d6 7.O-O Nf6 8.a3 Nc6
9.h3 h6 10.b4 Ba7 11.Bb2 e5 12.Nbd2 Be6 13.c4 O-O 14.Nb3 Nh5 15.b5 axb5 16.cxb5 Bxb3
17.Qxb3 Na5 18.Qd1 Nf4 19.Bc1 Qf6 20.Kh2 Rfd8 21.Be3 Bc5 22.Re1  1/2-1/2

[Event "ESP-ch"]
[Site "Palencia"]
[Date "1999.08.25"]
[Round "7"]
[White "Larios Crespo, Manuel"]
[Black "Castro, Manuel"]
[Result "1-0"]
[WhiteElo "2149"]
[BlackElo "2275"]

1.e4 c5 2.Nf3 e6 3.d4 cxd4 4.Nxd4 a6 5.Bd3 Nc6 6.Be3 Qc7 7.Nd2 Nf6 8.N2b3 Ne5
9.Qe2 d6 10.h3 Be7 11.f4 Ned7 12.a4 Nc5 13.Bd2 b6 14.e5 Nfd7 15.exd6 Bxd6
16.O-O Nf6 17.Nf5 Bb7 18.Nxg7+ Kd7 19.Bc3 Nd5 20.Be5 f6 21.Bxd6 Kxd6 22.Nxc5 Qxc5+
23.Rf2  1-0

[Event "Polanica Zdroj op"]
[Site "Polanica Zdroj"]
[Date "1999.08.25"]
[Round "10"]
[White "Grabarczyk, Bogdan"]
[Black "Jaracz, Pawel"]
[Result "1-0"]
[WhiteElo "2375"]
[BlackElo "2477"]

1.e4 c5 2.Nf3 e6 3.d4 cxd4 4.Nxd4 a6 5.Bd3 Qb6 6.c3 d6 7.O-O Nf6 8.Qe2 Be7
9.Nd2 Qc7 10.f4 Nbd7 11.N2f3 Nc5 12.Bc2 e5 13.Nf5 O-O 14.fxe5 dxe5 15.N3h4 Bd8
16.Qf3 Kh8 17.Be3 g6 18.Nh6 Be6 19.Rad1 Be7 20.b4 Ncd7 21.Bg5 Rae8 22.Bb3 Qb6+
23.Kh1 Bxb3 24.axb3 Qe6 25.c4 b6 26.N4f5 Bxb4 27.Ne3 Kg7 28.Nhg4 Nxg4 29.Qxg4 Nc5
30.Bf6+ Kg8 31.Qh4 h5 32.Nd5 a5 33.Rf5 Nxe4 34.Rxh5 gxh5 35.Qxh5 Nxf6 36.Qg5+ Kh7
37.Nxf6+ Qxf6 38.Qxf6 Re6 39.Qf5+ Kg7 40.Qg5+  1-0

[Event "Pyramiden Franken Cup"]
[Site "Fuerth"]
[Date "1999.08.26"]
[Round "6"]
[White "Schaefer, Markus"]
[Black "Florea, Dan"]
[Result "1/2-1/2"]
[WhiteElo "2402"]
[BlackElo "2263"]

1.e4 c5 2.Nf3 e6 3.d4 cxd4 4.Nxd4 a6 5.Bd3 Nc6 6.Nxc6 dxc6 7.Nd2 e5 8.Qh5 Bd6
9.Nc4 Nf6 10.Qf3 b5 11.Nxd6+ Qxd6 12.a4 O-O 13.O-O Rb8 14.b3 c5 15.axb5 axb5
16.c3 Be6 17.Bc2 Qc6 18.Bg5 Nd7 19.Qg3 Kh8 20.Be3  1/2-1/2

[Event "Pyramiden Franken Cup"]
[Site "Fuerth"]
[Date "1999.08.27"]
[Round "7"]
[White "Sprenger, Jan"]
[Black "Prusikin, Mikhajlo"]
[Result "1/2-1/2"]
[WhiteElo "2191"]
[BlackElo "2441"]

1.e4 c5 2.Nf3 e6 3.d4 cxd4 4.Nxd4 a6 5.Bd3 Qb6 6.Nb3 Qc7 7.O-O Nf6 8.c4 d6
9.Nc3 Nbd7 10.Be3 b6 11.Rc1 g6 12.f3 Bg7 13.Qd2 O-O 14.Rfd1 Bb7 15.Bf1 Ne8
16.Nd4 Rc8 17.b4 Qb8 18.Na4 Nef6 19.Nc3 Rfe8 20.Nb3 Bf8 21.a3 Ba8 22.Qd4 Be7
23.Bf2  1/2-1/2

[Event "Budapest FS09 IM-B"]
[Site "Budapest"]
[Date "1999.09.05"]
[Round "2"]
[White "De Sousa, Jose"]
[Black "Valenti, Giuseppe"]
[Result "0-1"]
[WhiteElo "2253"]
[BlackElo "2227"]

1.e4 c5 2.Nf3 e6 3.d4 cxd4 4.Nxd4 a6 5.Bd3 Nc6 6.Nxc6 dxc6 7.O-O e5 8.Nd2 Nf6
9.Nc4 Qc7 10.Be3 Nd7 11.a4 b5 12.Nd2 Rb8 13.f4 Bc5 14.Bxc5 Nxc5 15.f5 Nxa4
16.Qg4 f6 17.b3 Nc5 18.Be2 O-O 19.Qh4 Bb7 20.b4 Qd6 21.Nf3 Na4 22.Qe1 Nb6
23.Rd1 Qe7 24.Qc3 Rfd8 25.Rxd8+ Rxd8 26.Ne1 Na4 27.Qb3+ Qf7 28.Qe3 Qd7 29.Nd3 Qd4
30.Kf2 Kf8 31.Re1 Ke7 32.Bf1 Nc3 33.Nc5 Bc8 34.Kf3 Qxb4 35.Nb3 Na4 36.Bd3 c5  0-1

[Event "EU-ch U16"]
[Site "Litohoto"]
[Date "1999.09.06"]
[Round "4"]
[White "Gashimov, Sarkhan"]
[Black "Kruck, Daniel"]
[Result "1/2-1/2"]
[WhiteElo "2200"]
[BlackElo "2243"]

1.e4 c5 2.Nf3 e6 3.d4 cxd4 4.Nxd4 a6 5.Bd3 Nf6 6.O-O Qc7 7.Be3 d6 8.Nc3 Be7
9.f4 O-O 10.Qf3 Nc6 11.Kh1 Re8 12.Rae1 Bf8 13.Qg3 g6 14.Nxc6 bxc6 15.Qh4 Nd7
16.Nd1 Bb7 17.Nf2 c5 18.b3 d5 19.c4 d4 20.Bc1 f5 21.Nh3 Qd8 22.Qxd8 Raxd8
23.Bd2 Nf6 24.Nf2 Bh6 25.e5 Nd7 26.Nd1 a5 27.Nb2 Bf8 28.Be2 Ra8 29.Na4 Reb8
30.Bf3 Bxf3 31.Rxf3 Rb7 32.Kg1 Nb6 33.Nxb6 Rxb6 34.a4 Rb7  1/2-1/2

[Event "EU-ch U14"]
[Site "Litohoto"]
[Date "1999.09.06"]
[Round "4"]
[White "Meszaros, Tamas"]
[Black "Wegerle, Joerg"]
[Result "1/2-1/2"]
[WhiteElo "2207"]
[BlackElo "2132"]

1.e4 c5 2.Nf3 e6 3.d4 cxd4 4.Nxd4 a6 5.Bd3 Nc6 6.Nxc6 dxc6 7.Bf4 Qf6 8.Qc1 e5
9.Bg3 Bd6 10.O-O Ne7 11.Nd2 Ng6 12.Nc4 Bc7 13.Qd2 O-O 14.Qc3 Re8 15.Rae1 a5
16.a4 Qe7 17.Ne3 Nf4 18.Bc4 g6 19.Qb3 Ne6 20.Bxe6 Qxe6 21.c4 Bd6 22.Rd1 Qe7
23.Rd3 Bc5 24.Nc2 Bg4 25.Re1 f6 26.h3 Be6 27.Red1 b6 28.Qc3 Red8 29.Kh1 Rxd3
30.Qxd3 Ra7 31.b3 Rd7 32.Qe2 Qd8 33.Rxd7 Qxd7 34.f3 g5 35.Kh2 b5 36.axb5 cxb5
37.cxb5 Bxb3 38.Na1 Bf7 39.Be1 Qd4 40.Nc2 Qc4 41.Qxc4 Bxc4 42.Bxa5 Bxb5 43.Bd2  1/2-1/2

[Event "EU-ch U18"]
[Site "Litohoto"]
[Date "1999.09.09"]
[Round "7"]
[White "Bitansky, Igor"]
[Black "Haznedaroglu, Kivanc"]
[Result "1-0"]
[WhiteElo "2314"]
[BlackElo "2187"]

1.e4 c5 2.Nf3 e6 3.d4 cxd4 4.Nxd4 a6 5.Bd3 Qc7 6.O-O Nf6 7.Qe2 d6 8.c4 Be7
9.Nc3 O-O 10.Kh1 Nbd7 11.f4 b6 12.Bd2 Bb7 13.Rae1 Rfd8 14.b3 Rac8 15.f5 exf5
16.Nxf5 Ne5 17.Bg5 Ng6 18.Nxe7+ Qxe7 19.Bb1 Re8 20.Bxf6 gxf6 21.Qf2 Qc7 22.Qxf6 Re6
23.Qf2 Rce8 24.Re3 R8e7 25.Rf3 Ne5 26.Rh3 Ng6 27.Rf3 Re5 28.Rh3 b5 29.Nd5 Bxd5
30.exd5 Rg5 31.Qf6 Ree5 32.Rhf3 bxc4 33.bxc4 Qxc4 34.Qxf7+ Kh8 35.Qf6+ Kg8
36.Qf8+  1-0

[Event "CRO-chT"]
[Site "Pula"]
[Date "1999.09.11"]
[Round "3"]
[White "Delchev, Aleksander"]
[Black "Devcic, Darko"]
[Result "1-0"]
[WhiteElo "2521"]
[BlackElo "2235"]

1.e4 c5 2.Nf3 e6 3.d4 cxd4 4.Nxd4 a6 5.Bd3 Qb6 6.Nb3 Qc7 7.O-O Nf6 8.c4 d6
9.Nc3 Nbd7 10.f4 b6 11.Qe2 Bb7 12.Bd2 Be7 13.Rae1 O-O-O 14.Rc1 Nc5 15.Bb1 Nfd7
16.Na1 Nb8 17.b4 Ncd7 18.Nb3 Bf6 19.Nb5 axb5 20.cxb5 Nc5 21.e5 Be7 22.exd6 Bxd6
23.bxc5 Bxc5+ 24.Nxc5 bxc5 25.f5 e5 26.f6 g6 27.Be3 Nd7 28.Qc4 Kb8 29.Qxf7 Rhf8
30.Qe7 Rde8 31.Qg7 Ba8 32.f7 Rc8 33.Qxh7 Rh8 34.Qxg6 Nf8 35.Qf5 Qd6 36.Rfd1 Qc7
37.Qg5 Qb7 38.Qxe5+ Ka7 39.b6+ Qxb6 40.Qxh8 Qc6 41.Qb2 Ne6  1-0

[Event "CRO-chT"]
[Site "Pula"]
[Date "1999.09.14"]
[Round "5"]
[White "Palac, Mladen"]
[Black "Hulak, Krunoslav"]
[Result "1/2-1/2"]
[WhiteElo "2610"]
[BlackElo "2493"]

1.e4 c5 2.Nf3 e6 3.d4 cxd4 4.Nxd4 a6 5.Bd3 d5 6.exd5 Qxd5 7.O-O Nf6 8.Nc3 Qd8
9.Bf4 Be7 10.Re1 O-O 11.Qd2 Bd7 12.Rad1 Nc6 13.Nxc6 Bxc6 14.Qe3 Qa5  1/2-1/2

[Event "POR-ch"]
[Site "Lisbon"]
[Date "1999.09.15"]
[Round "8"]
[White "Henriques, Sofia"]
[Black "Guerra, Victor"]
[Result "1/2-1/2"]
[WhiteElo "2018"]
[BlackElo "2120"]

1.e4 c5 2.Nf3 e6 3.d4 cxd4 4.Nxd4 a6 5.Bd3 Nf6 6.O-O Qc7 7.Qe2 d6 8.c4 Be7
9.Nc3 b6 10.Be3 Bb7 11.Rac1 Nbd7 12.f3 Nc5 13.b3 Nxd3 14.Qxd3 Rc8 15.Rfd1 O-O
16.Qd2 Rfd8 17.Qf2 Nd7 18.Nde2 Bc6 19.Nd5 exd5 20.cxd5 Qb7 21.dxc6 Rxc6 22.Rxc6 Qxc6
23.Nd4 Qb7 24.Nf5 Nc5 25.Qg3 Bf8 26.Nxd6 Qc7 27.e5 a5 28.Rd4 Ne6 29.Rc4 Nc5
30.Bxc5 bxc5 31.Rc2 h6 32.Rd2 a4 33.Nc4 axb3 34.axb3 Rxd2 35.Nxd2 Qa5 36.Qf4 Qc3
37.Kf2 Be7 38.Qe3 Qb4 39.Ne4 c4 40.bxc4 Qxc4 41.Nd6 Qc2+ 42.Qe2 Qc5+  1/2-1/2

[Event "CRO-chT"]
[Site "Pula"]
[Date "1999.09.15"]
[Round "6"]
[White "Ljubicic, Filip"]
[Black "Cvitan, Ognjen"]
[Result "1/2-1/2"]
[WhiteElo "2370"]
[BlackElo "2511"]

1.e4 c5 2.Nf3 e6 3.d4 cxd4 4.Nxd4 a6 5.Bd3 Nf6 6.O-O Qc7 7.Qe2 d6 8.c3 g6
9.Bg5 Bg7 10.Nd2 Nbd7 11.Kh1 O-O 12.f4 e5 13.Nc2 exf4 14.Bxf4 Ne5 15.Ne3 Be6
16.Bxe5 dxe5 17.c4 a5  1/2-1/2

[Event "Escaldes Tancat"]
[Site "Escaldes"]
[Date "1999.09.16"]
[Round "6"]
[White "Gallego, Ruben"]
[Black "Brochet, Philippe"]
[Result "0-1"]
[WhiteElo "2283"]
[BlackElo "2349"]

1.e4 c5 2.Nf3 e6 3.d4 cxd4 4.Nxd4 a6 5.Bd3 Bc5 6.Nb3 Ba7 7.Nc3 Nc6 8.Qe2 Nge7
9.O-O O-O 10.Be3 e5 11.Rad1 d6 12.Bc4 Qc7 13.Bxa7 Rxa7 14.Rd2 b5 15.Nd5 Nxd5
16.Bxd5 Nb4 17.Rfd1 Rd8 18.c3 Nxd5 19.Rxd5 Be6 20.R5d2 Qb6 21.Qe3 Qxe3 22.fxe3 Rad7
23.h3 Kf8 24.Na5 Ke8 25.Nc6 Rc8 26.Nb4 a5 27.Nd5 Rdd8 28.Kf2 f6 29.a4 bxa4
30.Nb6 Rc6 31.Nxa4 Bb3 32.Ra1 Ke7 33.c4 Bxc4 34.Nc3 Ra8 35.Kf3 Rb6 36.Nd5+ Bxd5
37.Rxd5 a4 38.Ra2 Rb4 39.Rd3 Rc8 40.Rd5 Rc5 41.g4 Ke6 42.Rxc5 dxc5 43.Ra1 Kd6
44.Rd1+ Kc6 45.Rd2 c4 46.h4 Rb7 47.g5 Rd7 48.Rc2 Kb5 49.gxf6 gxf6 50.Kg4 Rd3
51.Re2 Kb4 52.Kf5 Rd6 53.h5 Kb3 54.Rg2 a3 55.bxa3 c3  0-1

[Event "Asia-ch U20"]
[Site "Vung Tau City"]
[Date "1999.09.17"]
[Round "5"]
[White "Bakre, Tejas"]
[Black "Ghaem Maghami, Eshan"]
[Result "1/2-1/2"]
[WhiteElo "2361"]
[BlackElo "2373"]

1.e4 c5 2.Nf3 e6 3.d4 cxd4 4.Nxd4 a6 5.Bd3 Qc7 6.O-O Nf6 7.Nc3 Be7 8.Be3 b5
9.f4 b4 10.Nb1 Bb7 11.Nd2 Nc6 12.N4b3 d6 13.Rc1 O-O 14.g4 a5 15.g5 Nd7 16.Qh5 g6
17.Qh6 Rfe8 18.Rf3 Bf8 19.Qh4 Bg7 20.Rh3 Nf8 21.Nc4 a4 22.Nbd2 Ne7 23.Rf1  1/2-1/2

[Event "CRO-chT"]
[Site "Pula"]
[Date "1999.09.18"]
[Round "9"]
[White "Rogic, Davor"]
[Black "Delchev, Aleksander"]
[Result "1-0"]
[WhiteElo "2505"]
[BlackElo "2521"]

1.e4 c5 2.Nf3 e6 3.d4 cxd4 4.Nxd4 a6 5.Bd3 Bc5 6.Nb3 Ba7 7.O-O Nc6 8.Qe2 Nge7
9.Be3 e5 10.N1d2 O-O 11.Nc4 d6 12.a4 Be6 13.a5 Nd4 14.Nxd4 exd4 15.Bf4 Bc5
16.Qh5 d5 17.Nd2 Ng6 18.e5 Qd7 19.h3 f6 20.Nb3 Ba7 21.Bg3 fxe5 22.Bxe5 Bf5
23.Bg3 Rac8 24.Qd1 Ne7 25.Re1 Nc6 26.Bxf5 Qxf5 27.Qd2 Rfe8 28.Rxe8+ Rxe8
29.Re1 Re4 30.Nc1 Bc5 31.Nd3 Be7 32.f3 Rxe1+ 33.Qxe1 Kf7 34.Bc7 Bg5 35.Qg3 Be3+
36.Kh2 Qd7 37.Nc5 Qc8 38.Qd6 Ne7 39.Bd8 Nf5 40.Qxd5+ Kg6 41.g4 Qb8+ 42.Kh1  1-0

[Event "Paks 09 IM"]
[Site "Paks"]
[Date "1999.09.21"]
[Round "1"]
[White "Siklosi, Zoltan"]
[Black "Reiss, Tibor"]
[Result "1/2-1/2"]
[WhiteElo "2337"]
[BlackElo "2180"]

1.e4 c5 2.Nf3 e6 3.d4 cxd4 4.Nxd4 a6 5.Bd3 Qc7 6.O-O Nc6 7.Be3 b5 8.a4 b4
9.Nd2 Bb7 10.f4 Nf6 11.Qe2 Bc5 12.Nf5 Bxe3+ 13.Nxe3 d6 14.Ng4 Nxg4 15.Qxg4 O-O
16.Kh1  1/2-1/2

[Event "Paks 09 IM"]
[Site "Paks"]
[Date "1999.09.23"]
[Round "3"]
[White "Toth, Andras"]
[Black "Reiss, Tibor"]
[Result "1-0"]
[WhiteElo "2297"]
[BlackElo "2180"]

1.e4 c5 2.Nf3 e6 3.d4 cxd4 4.Nxd4 a6 5.Bd3 Qc7 6.O-O Nc6 7.Nxc6 dxc6 8.Nd2 b5
9.a4 Bb7 10.Qe2 Bd6 11.Nf3 e5 12.Be3 Ne7 13.c4 bxc4 14.Bxc4 O-O 15.Rfd1 a5
16.Bb6 Qxb6 17.Rxd6 Ng6 18.Ng5 Ba6 19.Qh5 h6 20.Bxf7+ Rxf7 21.Nxf7 Nf4 22.Nxh6+ gxh6
23.Qg4+ Kf7 24.Rd7+ Ke8 25.Rh7  1-0

[Event "Donne Haas mem"]
[Site "Bonnevoie"]
[Date "1999.09.25"]
[Round "8"]
[White "Nezar, Mustapha"]
[Black "Arkhangelsky, Boris"]
[Result "1/2-1/2"]
[WhiteElo "2296"]
[BlackElo "2425"]

1.e4 c5 2.Nf3 e6 3.d4 cxd4 4.Nxd4 a6 5.Bd3 Nc6 6.Be3 Nf6 7.O-O Qc7 8.Nd2 Ne5
9.Be2 d5 10.f4 Nc4 11.Nxc4 dxc4 12.Bf3 Be7 13.e5 Nd7 14.Kh1 O-O 15.Qe1 Nc5
16.b3 Bd7 17.Qc3 cxb3 18.cxb3 Rac8 19.Rac1 Qb8 20.Qd2 Rfd8 21.Rc2 Bf8 22.Rfc1 g6
23.Qe2 a5 24.h4 Na6 25.Nb5 Rxc2 26.Rxc2 Nb4 27.Rd2 Bc6 28.Bxc6 Nxc6 29.Bb6  1/2-1/2

[Event "Paks 09 GM"]
[Site "Paks"]
[Date "1999.09.28"]
[Round "8"]
[White "Groszpeter, Attila"]
[Black "Rogic, Davor"]
[Result "1/2-1/2"]
[WhiteElo "2480"]
[BlackElo "2505"]

1.e4 c5 2.Nf3 e6 3.d4 cxd4 4.Nxd4 a6 5.Bd3 g6 6.O-O Bg7 7.Be3 d6 8.c4 Nf6
9.Nc3 O-O 10.Be2 Qc7 11.Rc1  1/2-1/2

[Event "Paks 09 IM"]
[Site "Paks"]
[Date "1999.09.29"]
[Round "9"]
[White "Csonka, Attila"]
[Black "Reiss, Tibor"]
[Result "1-0"]
[WhiteElo "2225"]
[BlackElo "2180"]

1.e4 c5 2.Nf3 e6 3.d4 cxd4 4.Nxd4 a6 5.Bd3 Nf6 6.O-O Qc7 7.c4 d6 8.Nc3 Nbd7
9.Qe2 b6 10.Kh1 Bb7 11.f4 h5 12.Be3 h4 13.f5 e5 14.Nf3 Be7 15.Rac1 Nc5 16.Ng5 Rc8
17.Nd5 Qd8 18.Nxe7 Kxe7 19.Bd2 Qc7 20.b4 Ncd7 21.Bb1 Rcg8 22.Rf3 Rh5 23.Rcf1 Nb8
24.a3 Nc6 25.Be3 Nd4 26.Bxd4 Rxg5 27.Bg1 Rh8 28.h3 Rc8 29.Bd3 Rh5 30.Re1 Ba8
31.Rff1 Rch8 32.Qe3 Rb8 33.Rc1 Rg8 34.Bf2 Rhh8 35.Qe1 Rh5 36.Bxh4 Rgh8 37.Bxf6+ Kxf6
38.Qe3 Rd8 39.Rfd1 Rh4 40.Qg3 Rdh8 41.Qe3 Bb7 42.Bb1 g5 43.fxg6 fxg6 44.Rf1+ Kg7
45.Rf3 Bc8 46.Rcf1 Qxc4 47.Qg5 Qe6 48.Ba2 Rg4 49.Rf7+ Kg8 50.Qd8+ Qe8 51.Qxe8+  1-0

[Event "EU-ch U20 Girls"]
[Site "Patras"]
[Date "1999.10.06"]
[Round "2"]
[White "Krivec, Jana"]
[Black "Goletiani, Rusudan"]
[Result "1-0"]
[WhiteElo "2177"]
[BlackElo "2386"]

1.e4 c5 2.Nf3 e6 3.d4 cxd4 4.Nxd4 a6 5.Bd3 Nf6 6.O-O Qc7 7.Kh1 Be7 8.f4 d6
9.Qe2 Nbd7 10.c4 b6 11.Nc3 Bb7 12.Bd2 Rc8 13.Rae1 g6 14.e5 Nh5 15.f5 Nxe5
16.fxe6 f6 17.b3 Ng7 18.Be4 Bxe4 19.Qxe4 O-O 20.Nd5 Qd8 21.Bh6 Rc5 22.a4 f5
23.Qe2 Bh4 24.e7 Bxe7 25.Bxg7 Re8 26.Ne6 Qc8 27.Nxe7+ Rxe7 28.Nxc5 Kxg7 29.Nd3  1-0

[Event "Tatry op"]
[Site "Tatranska Lomnica"]
[Date "1999.10.10"]
[Round "9"]
[White "Sejkora, Vlastimil"]
[Black "Langner, Ladislav"]
[Result "0-1"]
[WhiteElo "2286"]
[BlackElo "2355"]

1.e4 c5 2.Nf3 e6 3.d4 cxd4 4.Nxd4 a6 5.Bd3 Nf6 6.O-O d6 7.c4 g6 8.Nc3 Bg7
9.Be3 O-O 10.f3 b6 11.Qd2 Qc7 12.Rac1 Bb7 13.b4 Rd8 14.Rfd1 Nbd7 15.Nb3 Rac8
16.Be2 Bf8 17.a3 Qb8 18.g4 Ba8 19.g5 Ne8 20.Qe1 Bg7 21.Nd4 Nc7 22.Qg3 Ne5
23.f4 Nd7 24.f5 gxf5 25.exf5 Ne5 26.f6 Bf8 27.Bf4 Ng6 28.Nf3 e5 29.Be3 b5
30.c5 dxc5 31.Nxe5 Nxe5 32.Qxe5 Qb7 33.Qg3 cxb4 34.axb4 Ne6 35.Qh3 Rxc3 36.Rxc3 Qh1+
37.Kf2 Rxd1 38.Bxd1 Qxd1 39.Rc8 Bb7 40.Rb8 Qc2+ 41.Kg1 Bd5 42.Qg3 Qb1+ 43.Kf2 Qb2+
44.Kg1 Qxb4 45.Rc8 a5 46.h4 a4 47.Bc5 Qxc5+ 48.Rxc5 Bxc5+ 49.Kh2 a3 50.Qb8+ Nf8
51.Qe5 a2 52.Qxd5 a1=Q 53.Qxc5 Qa2+ 54.Kg3 Qb3+ 55.Kf4  0-1